A briefe and true report of the new found land of Virginia / (Record no. 18543)

000 -LEADER
fixed length control field 00973nam a2200229 a 4500
020 ## - INTERNATIONAL STANDARD BOOK NUMBER
ISBN 0486210928
040 ## - CATALOGING SOURCE
Transcribing agency 917 DPC 1972 C147 Or.
041 1# - LANGUAGE CODE
Language code of original and/or intermediate translations of text lat
082 ## - DEWEY DECIMAL CLASSIFICATION NUMBER
Classification number 917 DPC 1972 C147 Or.
100 1# - MAIN ENTRY--AUTHOR NAME
Personal name Harriot, Thomas,
245 12 - TITLE STATEMENT
Title A briefe and true report of the new found land of Virginia /
260 ## - PUBLICATION, DISTRIBUTION, ETC. (IMPRINT)
Place of publication New York :
Name of publisher Dover Publications,
Year of publication c1972.
300 ## - PHYSICAL DESCRIPTION
Number of Pages xv, 91 p. :
Other physical details ill. ;
Dimensions 31 cm.
490 1# - SERIES STATEMENT
Series statement Rosenwald Collection reprint series ;
500 ## - GENERAL NOTE
General note "The true pictures and fashions of the people in that parte of America now called Virginia ... Translated out of Latin into English by Richard Hacklvit. Diligentlye collected and draowne by Ihon White ... now cutt in copper and first published by Theodore de Bry att his wone chardges": p. [35]-74.
500 ## - GENERAL NOTE
General note "Som picture[s] of the Pictes": p. 75-[85]
500 ## - GENERAL NOTE
General note Includes index.
650 #0 - SUBJECT ADDED ENTRY--TOPICAL TERM
Topical Term Indians of North America
700 12 - ADDED ENTRY--PERSONAL NAME
Personal name White, John,
700 1# - ADDED ENTRY--PERSONAL NAME
Personal name Bry, Theodor de,
942 ## - ADDED ENTRY ELEMENTS (KOHA)
Koha item type ADB
952 ## - LOCATION AND ITEM INFORMATION (KOHA)
Withdrawn status [LOCAL, KOHA] 0
Holdings
Source of acquisition Permanent Location Date acquired Koha item type Lost status Shelving location Current Location Full call number
a39004Library Block C2019-12-18សៀវភៅភាសាអង់គ្លេស C147Library Block C917 DPC 1972 C147 Or.
មជ្ឈមណ្ឌលឯការនៃសាកលវិទ្យាល័យភូមិន្ទកសិកម្មចំការដូង

Powered by Koha